A sourcebook for poverty reduction strategies (Record no. 288422)

000 -LEADER
fixed length control field 00514cam a22001457a 4500
008 - FIXED-LENGTH DATA ELEMENTS--GENERAL INFORMATION
fixed length control field 180718b2002 xxu||||| |||| 00| 0 eng d
020 ## - INTERNATIONAL STANDARD BOOK NUMBER
International Standard Book Number 0821349783
082 ## - DEWEY DECIMAL CLASSIFICATION NUMBER
Classification number Q31 K711
245 ## - TITLE STATEMENT
Title A sourcebook for poverty reduction strategies
Statement of responsibility, etc. edited by Jeni Klugman
260 ## - PUBLICATION, DISTRIBUTION, ETC.
Place of publication, distribution, etc. Washington, D.C.
Name of publisher, distributor, etc. World Bank
Date of publication, distribution, etc. 2002
300 ## - PHYSICAL DESCRIPTION
Extent 2v.
500 ## - GENERAL NOTE
General note Contents: v.1. Core techniques and cross-cutting issues, 600p.;v.2. Macroeconomic and sectoral approaches
650 ## - SUBJECT ADDED ENTRY--TOPICAL TERM
Topical term or geographic name entry element Poverty - Government policy
700 ## - ADDED ENTRY--PERSONAL NAME
Personal name Klugman, Jeni
Holdings
Withdrawn status Lost status Damaged status Not for loan Permanent Location Current Location Date acquired Full call number Barcode Date last seen Price effective from Koha item type
        Indian Institute of Public Administration Indian Institute of Public Administration 2002-11-25 Q31 K711 WB9437 2018-07-20 2018-07-20 WB
        Indian Institute of Public Administration Indian Institute of Public Administration 2002-11-25 Q31 K711 WB9436 2018-07-20 2018-07-20 WB

Powered by Koha